[Event "Arco op 32nd"]
[Site "Arco"]
[Date "2010.10.16"]
[Round "1"]
[White "Ziltener, Werner"]
[Black "Cavatorta, Ivan"]
[Result "1/2-1/2"]
[WhiteElo "2116"]
[BlackElo "1815"]
[PlyCount "97"]
[EventDate "2010.10.16"]
[EventType "swiss"]
[EventRounds "9"]
[EventCountry "ITA"]
[SourceTitle "EXT 2024"]
[Source "ChessBase"]
[SourceDate "2023.10.10"]
[SourceVersion "1"]
[SourceVersionDate "2023.10.10"]
[SourceQuality "1"]

1. Nf3 Nf6 2. c4 c6 3. b3 d5 4. Bb2 e6 5. g3 Ne4 6. cxd5 exd5 7. Bg2 Bc5 8. 0-0 0-0 9. Qc2 Be7 10. d3 Ng5 11. Nbd2 Nxf3+ 12. Nxf3 a5 13. e4 Be6 14. Nd4 Bf6 15. Nxe6 fxe6 16. Bh3 Qd6 17. e5 Bxe5 18. Bxe5 Qxe5 19. Rae1 Qh5 20. Bxe6+ Kh8 21. Qc5 Na6 22. Qxa5 Qg6 23. d4 Qd3 24. Rd1 Qe2 25. Bh3 Rxf2 26. Rxf2 Qxd1+ 27. Kg2 Qxd4 28. Qe1 Qe4+ 29. Qxe4 dxe4 30. Bf5 Nb4 31. Bxe4 Rxa2 32. Rxa2 Nxa2 33. Bf5 Kg8 34. Bc8 b6 35. Be6+ Kf8 36. Kf3 Ke7 37. Bg8 h6 38. Ke4 Kf6 39. Bc4 Nb4 40. Bg8 b5 41. Kd4 Na6 42. Ke4 g6 43. Kd4 c5+ 44. Ke4 Nc7 45. h3 Kg7 46. Bd5 Nxd5 47. Kxd5 c4 48. bxc4 bxc4 49. Kxc4 1/2-1/2

[Event "Arco op 30th"]
[Site "Arco"]
[Date "2008.10.25"]
[Round "8"]
[White "Cavatorta, Ivan"]
[Black "Moro, Roberto"]
[Result "1-0"]
[WhiteElo "1868"]
[BlackElo "1866"]
[PlyCount "71"]
[EventDate "2008.10.18"]
[EventType "swiss"]
[EventRounds "9"]
[EventCountry "ITA"]
[SourceTitle "CBM 127 Extra"]
[Source "ChessBase"]
[SourceDate "2009.01.08"]
[SourceVersion "2"]
[SourceVersionDate "2009.01.28"]
[SourceQuality "1"]

1. e4 c5 2. Nf3 Nc6 3. Bb5 d6 4. d4 cxd4 5. Qxd4 Bd7 6. Bxc6 Bxc6 7. c4 Nf6 8. Nc3 e5 9. Qd3 Be7 10. 0-0 0-0 11. b3 Qc7 12. Bb2 a6 13. Ne1 b5 14. Rc1 bxc4 15. bxc4 Rab8 16. Nd5 Bxd5 17. cxd5 Qb6 18. Ba3 Rfc8 19. Nc2 a5 20. Ne3 g6 21. Nc4 Qa6 22. Nxe5 Qxd3 23. Nxd3 Rxc1 24. Rxc1 Nxe4 25. Re1 Nc3 26. Rxe7 Nxd5 27. Re1 Rb6 28. g3 h6 29. Re8+ Kg7 30. Bb2+ f6 31. Ra8 Nb4 32. Ra7+ Kf8 33. Nxb4 axb4 34. Bxf6 d5 35. Bd4 Rb5 36. Kg2 1-0

[Event "Arco op 30th"]
[Site "Arco"]
[Date "2008.10.23"]
[Round "6"]
[White "Cavatorta, Ivan"]
[Black "Henrichsen, Jens"]
[Result "0-1"]
[WhiteElo "1868"]
[BlackElo "1987"]
[PlyCount "90"]
[EventDate "2008.10.18"]
[EventType "swiss"]
[EventRounds "9"]
[EventCountry "ITA"]
[SourceTitle "CBM 127 Extra"]
[Source "ChessBase"]
[SourceDate "2009.01.08"]
[SourceVersion "2"]
[SourceVersionDate "2009.01.28"]
[SourceQuality "1"]

1. d4 Nf6 2. Nf3 e6 3. e3 b6 4. Bd3 Bb7 5. Nbd2 c5 6. c3 Be7 7. e4 cxd4 8. cxd4 Nc6 9. 0-0 Nb4 10. Bb1 Ba6 11. Re1 Nd3 12. Bxd3 Bxd3 13. d5 exd5 14. exd5 Nxd5 15. Ne5 Bf5 16. Ndc4 Be6 17. f4 b5 18. f5 bxc4 19. Nxc4 Rc8 20. Nd6+ Bxd6 21. Qxd5 Bxh2+ 22. Kh1 Qh4 23. Qe4 Bf4+ 24. Kg1 Qh2+ 25. Kf1 Bxc1 26. fxe6 fxe6 27. Raxc1 0-0+ 28. Ke2 Qh5+ 29. g4 Qb5+ 30. Qd3 Rf2+ 31. Kxf2 Qxd3 32. Rxc8+ Kf7 33. Rc3 Qd4+ 34. Kg3 Qd6+ 35. Kf2 Qh2+ 36. Ke3 Qg3+ 37. Kd2 Qf4+ 38. Kd3 Qxg4 39. Rf1+ Ke7 40. Ra3 e5 41. b3 Qd4+ 42. Kc2 Qe4+ 43. Kc1 Qe3+ 44. Kd1 Qd3+ 45. Ke1 Qb1+ 0-1

[Event "EU Union-ch 3rd"]
[Site "Arvier"]
[Date "2007.06.23"]
[Round "9"]
[White "Motzer, Heinrich"]
[Black "Cavatorta, Ivan"]
[Result "1-0"]
[WhiteElo "2021"]
[BlackElo "1878"]
[PlyCount "109"]
[EventDate "2007.06.15"]
[EventType "swiss"]
[EventRounds "10"]
[EventCountry "ITA"]
[SourceTitle "CBM 118 Extra"]
[Source "ChessBase"]
[SourceDate "2007.07.04"]
[SourceVersion "1"]
[SourceVersionDate "2007.07.04"]
[SourceQuality "1"]

1. c4 e5 2. Nc3 Nf6 3. g3 c6 4. Bg2 d5 5. d4 exd4 6. Qxd4 dxc4 7. Qxd8+ Kxd8 8. Bg5 Bb4 9. 0-0-0+ Ke8 10. Ne4 Be7 11. Nd6+ Bxd6 12. Rxd6 Ke7 13. Rd4 Be6 14. Nh3 Rd8 15. Rxd8 Kxd8 16. Nf4 h6 17. Rd1+ Ke7 18. Bxf6+ gxf6 19. a3 Nd7 20. Rd4 Nb6 21. e3 c5 22. Rd2 c3 23. bxc3 Nc4 24. Ra2 Nxe3 25. Nxe6 Nxg2 26. Nxc5 Rc8 27. Re2+ Kf8 28. Nxb7 Rc7 29. Nd6 Rxc3+ 30. Kb2 Rf3 31. Nb5 a6 32. Nc7 a5 33. a4 f5 34. Nb5 f4 35. Nd4 Rd3 36. Nc6 Rd5 37. Kb3 f3 38. Rc2 Ne1 39. Rc3 Rd2 40. Rc1 Nd3 41. Kc3 Nxc1 42. Kxd2 Nb3+ 43. Ke3 Ke8 44. Kxf3 f6 45. Ke4 Kd7 46. Nd4 Nc5+ 47. Kf5 Kc7 48. f4 Nxa4 49. Nb3 Nb6 50. Nxa5 Nd5 51. Kg6 Ne3 52. Kxh6 Ng4+ 53. Kg6 Nxh2 54. Kxf6 Kd7 55. Nc4 1-0

[Event "EU Union-ch 3rd"]
[Site "Arvier"]
[Date "2007.06.21"]
[Round "7"]
[White "Brunello, Roberta"]
[Black "Cavatorta, Ivan"]
[Result "1-0"]
[WhiteElo "1953"]
[BlackElo "1878"]
[PlyCount "67"]
[EventDate "2007.06.15"]
[EventType "swiss"]
[EventRounds "10"]
[EventCountry "ITA"]
[SourceTitle "CBM 118 Extra"]
[Source "ChessBase"]
[SourceDate "2007.07.04"]
[SourceVersion "1"]
[SourceVersionDate "2007.07.04"]
[SourceQuality "1"]

1. e4 e6 2. d4 d5 3. e5 b6 4. c3 Qd7 5. f4 g6 6. Nf3 Ba6 7. Bd3 Bxd3 8. Qxd3 Ne7 9. Be3 Nf5 10. Bf2 h5 11. Nbd2 Be7 12. Nf1 Kf8 13. Ng3 Nh4 14. Ne2 Qd8 15. Nxh4 Bxh4 16. g3 Be7 17. h3 Nc6 18. 0-0-0 Qd7 19. g4 hxg4 20. hxg4 Kg7 21. Ng3 Rxh1 22. Rxh1 Rh8 23. Rxh8 Kxh8 24. f5 Bg5+ 25. Kb1 gxf5 26. gxf5 f6 27. exf6 Qh7 28. Qb5 exf5 29. Qxc6 f4+ 30. Ka1 Qg6 31. Ne2 Qe4 32. f7 Kg7 33. Qe8 Qe7 34. Qg8+ 1-0